Gaming Quiz

Random Gaming or Nintendo Quiz
Score 0/18 Timer 06:00
0 Plays Today
Location Item % Correct
Parapa PalaceCandle
90.8%
Death Mountain CaveHammer
83.1%
Island PalaceRaft
80.3%
Midoro PalaceHandy Glove
78.7%
OverworldHeart Container
75.5%
Maze Island PalaceBoots
75.5%
Ocean PalaceFlute
75.1%
PalacesPalace Key
73.5%
Three Eye Rock PalaceCross
72.3%
Location Item % Correct
Random DropBlue Potion
67.1%
Overworld / PalacesRed Potion
63.1%
Maze IslandLost Child
62.7%
Random Drop / OverworldPoint Bag
62.2%
CavesMagic Container
61.8%
OverworldLink Doll
59%
Tantari Desert CaveTrophy
48.6%
New KasutoMagical Key
33.3%
Midoro Swamp CaveWater of Life
30.9%

You're not logged in!

Compare scores with friends on all Sporcle quizzes.
OR
Log In

Sporcle TV

Today on Sporcle TV


Watch our educational content, quiz creation guides, and fun videos on Sporcle TV.

Show Comments

Extras

Top Quizzes Today


Score Distribution

Paid Content

Your Account Isn't Verified!

In order to create a playlist on Sporcle, you need to verify the email address you used during registration. Go to your Sporcle Settings to finish the process.

Report this User

Report this user for behavior that violates our Community Guidelines.

Details: